| 000 | 01299nam a2200253 a 4500 | ||
|---|---|---|---|
| 001 | adlib96000001 | ||
| 003 | ViArRB | ||
| 005 | 200902210153555.7 | ||
| 008 | 960221s1955 dcuabcdjdbkoqu001 0deng d | ||
| 020 | _a | ||
| 022 | _a | ||
| 040 | _aAdlib | ||
| 082 | _a539.125 | ||
| 245 | _aNuclear theory | ||
| 250 | _a2nd ed. | ||
| 260 |
_aAmsterdam _bNot4h-Holland _c1975 |
||
| 300 |
_axv, 485 p.:illus _c |
||
| 500 | _a v.I.Nuclear models; collective and singsle particle phenomena v.2.Excitation mechanism of the nucleus Electro-magnetic and weak intercitons | ||
| 100 |
_aEisenberg, Judah M _e |
||
| 700 |
_aGreiner, Waleter _a |
||
| 942 | _cBK | ||
| 653 |
_aNuclear theory _aAtomic nuclei _aNuclear physics _aCosmic rays _aCyclotron _aNuclear energy _aNuclear engineering _aNuclear reactors _aparticles- nuclear physics _aRadiobiology _aPhysics _aAtomic physics _aPhysics _aOptics _aBiophysics _aAstrophysics _aNuclear physics _aRadioactivity _aQuantum theory _aMechanics _aHydrostatics _aThermodynamics _aModern physics _aParticle physics _aPhysics _aOptics _aBiophysics _aAstrophysics _aNuclear physics _aRadioactivity _aQuantum theory _aMechanics _aHydrostatics _aThermodynamics _aScience _aChemistry |
||
| 952 |
_w2010-06-16 _p00007236 _r2010-06-16 _40 _00 _bUL _10 _o539.125 EIS.2;1 _d2010-06-16 _70 _yBK _aUL |
||
| 999 |
_c14306 _d14305 |
||